Bulgarian 2010s Music Quiz: Name the Artist - Statistics

General Stats
  • This quiz has been taken 19 times
  • The average score is 10 of 30
Answer Stats
Song Release Date Artist % Correct
Sen trope 2011 Azis
88%
Fenomenalen 2018 Galena
69%
Losha 2012 Andrea
63%
Gore-dolu 2014 Fiki & Preslava
63%
Daĭ mi oshte 2016 Anelia
56%
I na vsichki kato tebe 2016 Desi Slava
50%
Bez chuvstva 2017 Emanuela
50%
Stapka napred 2015 Mihaela Marinova
44%
Iskam da obicham 2013 Sofi Marinova
44%
Chalga peperudki 2016 Tedi Aleksandrova
44%
Studentka 2014 Konstantin
38%
Gledai kak se pravi 2018 Krisko & Slavi Trifonov
38%
Opasno blizki 2013 Mihaela Fileva & VenZy
38%
Moli se da ne pochna 2014 Dzhena
31%
Bolka moya 2019 Tsvetelina Yaneva
31%
Poznavash me 2015 Alisia
25%
Vsichko 2018 Maria Ilieva
25%
Bulgarka 2019 Deep Zone Project
19%
Ne si za men 2016 Kristian Kostov
19%
Znam 2014 Lubo Kirov
19%
Pechat ot moyata dusha 2018 Miro
19%
Oshte 2017 Poli Genova
19%
Khaĭvera 2018 Skandau
19%
Samodiva 2013 Nevena Tsoneva
13%
Mrun mrun 2010 Upsurt & Lora Karadzhova
13%
Sama 2011 LiLana & SkilleR
6%
Po-poleka 2016 Stefan Valdobrev & Obichaĭnite Zapodozreni
6%
Neĭnite neshta 2013 Valya
6%
Chast ot men 2017 Victoria
6%
Samuraĭ 2014 Zhana Bergendorff
6%
No matching quizzes found
Score Distribution
Percent of People with Each Score
Percentile by Number Answered
Your Score History
You have not taken this quiz